000 00413nam a2200169Ia 4500
005 20240823043559.0
008 240823s9999||||xx |||||||||||||| ||und||
041 _aENGLISH
082 _A004 P4
100 _aRamesh Babu V et al.
245 0 _aComputer Practice 1 and 2
250 _a1st
260 _c2004
_b"VRB,Ch"
500 _aTRANSFERED
650 _aComputer Science
_bComputer Science
942 _cBK
999 _c210557
_d210557